Fr. Conceicao Rodrigues College of Engineering

Differential Calculus I (Record no. 20383)

MARC details
000 -LEADER
fixed length control field 00277nam a2200133Ia 4500
082 ## - DEWEY DECIMAL CLASSIFICATION NUMBER
Classification number 515.3
100 ## - MAIN ENTRY--PERSONAL NAME
Personal name Bhola/ Bhola
245 ## - TITLE STATEMENT
Title Differential Calculus I
260 ## - PUBLICATION, DISTRIBUTION, ETC.
Name of publisher, distributor, etc. Campus Publications
Date of publication, distribution, etc. 2001
300 ## - PHYSICAL DESCRIPTION
Extent 336
546 ## - LANGUAGE NOTE
Language note ENGLISH
654 ## - SUBJECT ADDED ENTRY--FACETED TOPICAL TERMS
Focus term calculus
942 ## - ADDED ENTRY ELEMENTS (KOHA)
Koha item type BOOK
Holdings
Withdrawn status Lost status Damaged status Not for loan Collection Home library Current library Date acquired Cost, normal purchase price Inventory number Total Checkouts Full call number Barcode Date last seen Cost, replacement price Price effective from Koha item type
        AFT Fr. Agnel's C.Rodrigues College of Engineering Fr. Agnel's C.Rodrigues College of Engineering 17/03/2023 8.00 1158   515.3 AFT874 17/03/2023 8.00 17/03/2023 BOOK